000 00390nam a2200157 i 4500
001 bg
100 1 _aLANDAU, Zbigniew.
245 0 _aPolska w Europie i świecie 1918-1939 /
_cZ. Landau, J. Tomaszewski.
250 _aWyd.2 zmien.
260 _aWarszawa,
_c1984.
700 1 _aTOMASZEWSKI, J.
040 _cBPK
041 _apol
942 _cKS
008 s pl f |000 0 pol
999 _c878
_d878
856 _uhttp://koha.tu.koszalin.pl/cgi-bin/koha/opac-detail.pl?biblionumber=878
_yKatalog online BPK